ARRUPE JESUIT UNIVERSITY

CORONAVIRUS -STOP THE SPREAD - CLEAN,DISINFECT,COVER

Beowulf. (Record no. 127810)

MARC details
000 -LEADER
fixed length control field 00750cam a2200253u 4500
001 - CONTROL NUMBER
control field 9875535
003 - CONTROL NUMBER IDENTIFIER
control field ARRUPE
005 - DATE AND TIME OF LATEST TRANSACTION
control field 20180404095727.0
008 - FIXED-LENGTH DATA ELEMENTS--GENERAL INFORMATION
fixed length control field 810507s1966 nyuj 000 0 eng
010 ## - LIBRARY OF CONGRESS CONTROL NUMBER
LC control number 66011783
040 ## - CATALOGING SOURCE
Original cataloging agency DLC
Transcribing agency CarP
Modifying agency DLC
050 00 - LIBRARY OF CONGRESS CALL NUMBER
Classification number PR1583
Item number .W945
300 ## - PHYSICAL DESCRIPTION
Dimensions 22 cm.
130 0# - MAIN ENTRY--UNIFORM TITLE
Uniform title Beowulf.
9 (RLIN) 41090
245 10 - TITLE STATEMENT
Title Beowulf.
Statement of responsibility, etc Edited by C.L. Wrenn
250 ## - EDITION STATEMENT
Edition statement Revised and enlarged edition
260 ## - PUBLICATION, DISTRIBUTION, ETC. (IMPRINT)
Place of publication, distribution, etc London,
Name of publisher, distributor, etc George G. Harrap and Co. LTD.
Date of publication, distribution, etc 1958
300 ## - PHYSICAL DESCRIPTION
Extent 320p ;
700 ## - ADDED ENTRY--PERSONAL NAME
Personal name Beowulf
9 (RLIN) 41090
700 ## - ADDED ENTRY--PERSONAL NAME
Personal name Wrenn, Charles Leslie
9 (RLIN) 41091
Relator term ed.
700 ## - ADDED ENTRY--PERSONAL NAME
Personal name Finnesburg
9 (RLIN) 41092
906 ## - LOCAL DATA ELEMENT F, LDF (RLIN)
a 0
b cbc
c premunv
d u
e ncip
f 19
g y-gencatlg
942 ## - ADDED ENTRY ELEMENTS (KOHA)
Source of classification or shelving scheme Library of Congress Classification
Koha item type Monograph ( Printed materials)
Holdings
Withdrawn status Lost status Source of classification or shelving scheme Damaged status Not for loan Collection code Home library Current library Shelving location Date acquired Total Checkouts Full call number Barcode Date last seen Price effective from Koha item type
    Library of Congress Classification     Main Collection ARRUPE LIBRARY ARRUPE LIBRARY Main Collection 27/03/2018   PR1583 .W945 46600001939 27/03/2018 27/03/2018 Monograph ( Printed materials)

 

Arrupe Library. PO Box MP320 Mt Pleasant, Harare, Zimbabwe
263 242 745411|librarian@aju.ac.zw